000 00600nam a22001815i 4500
001 169865
003 ES-MaACL
005 20260601155230.0
008 081210s1926 fr |||| | fre d
080 _a821.133.1-2"19"
100 1 _aRolland, Romain,
_d1866-1944
_9239240
245 1 0 _aLiluli /
_cRomain Rolland ; illustrations d'après les bois de Frans Masereel.
260 _aParis :
_bAlbin Michel,
_c1926.
300 _a218 p. :
_bil. ;
_c19 cm.
700 1 _aMasereel, Frans.
_9139058
852 _aES-MaACL
_jE-12340
_9R.140533
_z.- Biblioteca Jacinto Martínez Lacalle
999 _c169865
_d169865